| 000 | 00682nam a2200193 4500 | ||
|---|---|---|---|
| 001 | 138027 | ||
| 003 | ES-MaACL | ||
| 005 | 20250901211017.0 | ||
| 007 | t| | ||
| 008 | 070214s1961 sp r ||||1| spa d | ||
| 100 | 1 |
_aSánchez López, José. _9102731 |
|
| 245 | 1 | 0 |
_aViaje de información técnica a Estados Unidos / _cpor José Sánchez López. |
| 260 |
_a[S. l. : _bs. n.], _c1961 ( _eSalamanca : _fImp. Ortega) |
||
| 300 |
_a18 p. ; _c28 cm. |
||
| 500 | _aPrecede al tít.: Cámara Oficial de Comercio e Industria de Salamanca. | ||
| 710 | 2 |
_aCámara Oficial de Comercio e Industria de Salamanca _92386 |
|
| 852 |
_aES-MaACL _j2022-F-16 _bR.48579 |
||
| 999 |
_c138027 _d138027 |
||